USB system architecture /(E-BOOK) (Record no. 213293)

000 -LEADER
fixed length control field 00941 a2200229 4500
003 - CONTROL NUMBER IDENTIFIER
control field Nust
005 - DATE AND TIME OF LATEST TRANSACTION
control field 20170207165831.0
010 ## - LIBRARY OF CONGRESS CONTROL NUMBER
LC control number 96052321
020 ## - INTERNATIONAL STANDARD BOOK NUMBER
International Standard Book Number 0201461374
040 ## - CATALOGING SOURCE
Transcribing agency Nust
082 00 - DEWEY DECIMAL CLASSIFICATION NUMBER
Classification number 004.64
100 1# - MAIN ENTRY--PERSONAL NAME
Personal name Anderson, Don,
245 10 - TITLE STATEMENT
Title USB system architecture /(E-BOOK)
Statement of responsibility, etc. MindShare, Inc. ; Don Anderson.
260 ## - PUBLICATION, DISTRIBUTION, ETC.
Place of publication, distribution, etc. Reading, Mass. :
Name of publisher, distributor, etc. Addison-Wesley Developers Press,
Date of publication, distribution, etc. c1997.
300 ## - PHYSICAL DESCRIPTION
Extent xxiv, 321 p. :
Other physical details ill. ;
Dimensions 23 cm.
440 #0 - SERIES STATEMENT/ADDED ENTRY--TITLE
Title PC system architecture series
500 ## - GENERAL NOTE
General note Includes index.
505 ## - FORMATTED CONTENTS NOTE
Formatted contents note Part One, Overview of USB 2.0(page-13) Part Two, Low- & Full-Speed Device Operation. (page-93) Part Three, High Speed Device Operation. (page-213) Part Four, USB 2.0 Hub Operation with LS/FS/HS Devices. (page-277) Part Five, USB Device Configuration. (page-339) Part Six, USB Software Overview. (page-421)
650 #0 - SUBJECT ADDED ENTRY--TOPICAL TERM
Topical term or geographic name entry element Computer architecture.
650 #0 - SUBJECT ADDED ENTRY--TOPICAL TERM
Topical term or geographic name entry element USB (Computer bus)
710 2# - ADDED ENTRY--CORPORATE NAME
Corporate name or jurisdiction name as entry element MindShare, Inc.
942 ## - ADDED ENTRY ELEMENTS (KOHA)
Source of classification or shelving scheme
Koha item type Book
Holdings
Withdrawn status Lost status Source of classification or shelving scheme Damaged status Not for loan Collection code Permanent Location Current Location Date acquired Total Checkouts Full call number Barcode Date last seen Price effective from Koha item type
            Military College of Signals (MCS) Military College of Signals (MCS) 12/12/2016   004.64 AND MCSEB-3271 12/08/2016 12/12/2016 Book
© 2023 Central Library, National University of Sciences and Technology. All Rights Reserved.